书目信息 |
| 题名: |
当代艺术家
|
|
| 作者: | 陈平 主编 ;闫平 编著 | |
| 分册: | 闫平 | |
| 出版信息: | 济南 山东美术出版社 2010.01 |
|
| 页数: | 132页 | |
| 开本: | 29cm | |
| 丛书名: | ||
| 单 册: | ||
| 中图分类: | J121 , J223 | |
| 科图分类: | ||
| 主题词: | 艺术--作品--中国--现代--图集 , 油画--中国--现代--画册 , 艺术 , 油画 | |
| 电子资源: | ||
| ISBN: | 978-7-5330-2974-6 | |
| 000 | 00931nam0 22003011 45 | |
| 001 | 1138428281 | |
| 005 | 20110419104009.68 | |
| 010 | @a978-7-5330-2974-6@dCNY68.00 | |
| 100 | @a20110409d2010 em y0chiy0120 ea | |
| 101 | 0 | @achi |
| 102 | @aCN@b370000 | |
| 105 | @aaf z 000yy | |
| 106 | @ar | |
| 200 | 1 | @a当代艺术家@ADang Dai Yi Shu Jia@i闫平@IYan Ping@dContemporary artists@f陈平主编@FChen Ping Zhu Bian@g闫平编著@zeng |
| 210 | @a济南@c山东美术出版社@d2010.01 | |
| 215 | @a132页@c图版@d29cm | |
| 330 | @a本书主要讲述了优秀绘画的作品,形象生动。 | |
| 510 | 1 | @aContemporary artists@zeng |
| 606 | 0 | @a艺术@x作品@y中国@z现代@j图集 |
| 606 | 0 | @a油画@y中国@z现代@j画册 |
| 606 | 0 | @a艺术 |
| 606 | 0 | @a油画 |
| 690 | @aJ121@v4 | |
| 690 | @aJ223@v4 | |
| 701 | 0 | @a陈平@AChen Ping@f(1960.2~)@4主编 |
| 702 | 0 | @a闫平@AYan Ping@c(女,@f1956~)@4编著 |
| 801 | 0 | @aCN@bTANGWEI@c20110419 |
| 905 | @b0535564@dJ121@e98@f1 | |
| 当代艺术家.闫平=Contemporary artists/陈平主编/闫平编著.-济南:山东美术出版社,2010.01 |
| 132页:图版;29cm |
| ISBN 978-7-5330-2974-6:CNY68.00 |
| 本书主要讲述了优秀绘画的作品,形象生动。 |
| ● |
| 相关链接 |
|
|
|
|
正题名:当代艺术家
索取号:J121/98
 
预约/预借
| 序号 | 登录号 | 条形码 | 馆藏地/架位号 | 状态 | 备注 |
| 1 | 0535564 | 205355649 | 第一样本阅览室/ [索取号:J121/98] | 在馆 |